00653cam a22002177a 4500003000500000005001700005008004100022010001000063011001000073035001000083040000900093082002100102100002700123245009900150260006700249300000800316490002500324650002200349650003900371830002500410CHAP20220329135708.0971013s1976 r 00010 d a40681 a41653 a45779 cCHAP a080bS4 v.246-4800aMorris, Richardecomp.14aLas revoluciones de independencia en México y en los estados Unidosb: un ensayo comparativo aMéxico, D.F. :bSecretaría de Educación Pública,c1976 a3 v 0aSEP/Setentas, 246-4814aE.U.A.xHistoria.14aMéxicoxHistoriaxIndependencia.0 aSEP/Setentas, 246-48